| 000 | 00749nam a2200265Ia 4500 | ||
|---|---|---|---|
| 003 | OSt | ||
| 005 | 20221005072901.0 | ||
| 006 | a|||||r|||| 00| 0 | ||
| 007 | ta | ||
| 008 | 221004b |||||||| |||| 00| 0 eng d | ||
| 020 |
_a9788174466792 (pbk) _c320 |
||
| 024 | _a12613 | ||
| 037 |
_b204, 27/12/2013, University Book House _cTextual |
||
| 040 |
_aCRL _cCRL _beng |
||
| 041 |
_2eng _aeng |
||
| 082 | _aX:(B28), P8 | ||
| 100 | _aBhardwaj R. S. | ||
| 245 | 0 | _aBusiness statistics | |
| 250 | _a2nd | ||
| 260 |
_aNew Delhi _bExcel Books India _c2008 |
||
| 300 |
_aix, 773p. _ccm. |
||
| 650 | _aECONOMICS | ||
| 942 |
_hX:(B28), P8 _cTEXL _2cc |
||
| 999 |
_c980206 _d980206 |
||